Rezervy a ich účtovné zobrazenie v rozpočtovej organizácii, príspevkovej organizácii a obci diplomová práca

Saved in:
Bibliographic Details
Main Author: Lukáčová, Marianna
Corporate Author: Fakulta hospodárskej informatiky EU. Katedra účtovníctva a audítorstva
Other Authors: Kovalčíková, Antónia
Format: Book
Language:Slovak
Published: Bratislava 2012
Tags: Add Tag
No Tags, Be the first to tag this record!

MARC

LEADER 00000nbm a2200000 4500
001 0154745
005 20161109102141.9
041 0 |a slo 
044 |a SK 
245 1 0 |a Rezervy a ich účtovné zobrazenie v rozpočtovej organizácii, príspevkovej organizácii a obci  |b diplomová práca  |c Marianna Lukáčová ; školiteľ: Antónia Kovalčíková 
264 1 |a Bratislava  |c 2012 
300 |a 85 s. 
100 1 |a Lukáčová, Marianna 
700 1 |a Kovalčíková, Antónia 
710 2 |a Fakulta hospodárskej informatiky EU. Katedra účtovníctva a audítorstva